00318nam a2200121Ia 4500008004100000041000800041082001400049100001700063245004500080260003300125300003100158365000700189240624s9999 xx 000 0 und d aeng a338.9 SRI aSRINIVASAN R aNEW INDIAN INDUSTRY STRUCTURE AND KEY PL c2005aDelhibMacmillan India axii, : 392 : p. : cm. ; 25 cRS